00507nam a2200133Ia 4500008004100000024005700041082001900098100008100117245007200198260002600270600002700296650003300323999001700356260210s9999 xx 000 0 und d a11B-105-EL, 12B-62-EL, 12B-68-EL & 12B-81-EL a621.815072 JUN aH. M. Junaid Zuberi, Muhammad Usama Khan, Mirza Imran Baig & Junaid Khan 0aDesign and Fabrication of Fluid Filling Machine Through Flow Sensor aKarachi:bUITU,c2012 aElectrical Engineering aBachelor of Engineering (BE) c33181d33181